000 01545cam a22004694i 4500
003 PE-LiUPU
005 20250731173518.0
008 150616s r 000 0 d
020 _a0801038359
035 _a(Sirsi) i9780801038358
040 _aPE-LiUPU
_bspa
_cPE-LiUPU
_erda
049 _aPRUA
082 0 4 _a231.73
_bG83
_221
100 1 _aGross, Edward N.,
_eautor.
245 1 0 _aMiracles, demons, and spiritual warfare /
_cEdward N. Gross.
264 1 _aGrand Rapids, Míchigan :
_bBaker Book House,
_c1990.
300 _a174 páginas ;
_c21 centímetros
336 _atext
_2rdacontent
337 _aunmediated
_2rdamedia
338 _avolume
_2rdacarrier
504 _aBibliografía: páginas 171-174.
505 0 _aDefining biblical parameters.- Probing contemporary claims and their sources.
526 _aSEG42
526 _aSEG41
526 _aSEG40
526 _aSEG39
526 _aP94
526 _aP87
526 _aP86
526 _aP85
526 _aP77
526 _aP76
526 _aP35
650 0 4 _aMilagros.
910 _ajck
_bjvq
_cjck
942 _2ddc
_cBOOK
949 _a231.73 G83
_wDEWEY
_c1
_i41817
_lCCODEBUL1
_mBUL
_r0
_sY
_tBOOK
_u2015-6-16
_xTEOLOGIA
_zUNKNOWN
_0COMPRA
_o.STAFF. Colección General
994 _aC0
_bPEPRU
596 _a1
999 _a231.73 G83
_wDEWEY
_c59479
_i41817
_f2021-11-9
_g5
_lCCODEBUL1
_mBUL
_r0
_sY
_tBOOK
_u2015-6-16
_xTEOLOGIA
_zUNKNOWN
_0COMPRA
_o.STAFF. Colección General
_d59479
980 _81
_gALBERTO SANCHEZ Responsable de Automatización